Una mirada a la arquitectura mexicana del siglo XX (notice nᵒ 12686)
[ vue normale ]
| 000 -Sello discográfico | |
|---|---|
| campo de control de longitud fija | 00849nam 2200265 4500 |
| 005 - Identificación de versión | |
| campo de control | 20260325140940.0 |
| 010 ## - Número Estándar Internacional de Libros (ISBN) | |
| Número (ISBN) | 970-35-0815-4 |
| 099 ## - fechas locales | |
| Tipo de ítem Koha | LIBRO |
| 100 ## - Datos de procesamiento general | |
| Datos de procesamiento general | 20260205d2005 m y1spay5003 ba |
| 101 ## - Idioma del recurso | |
| Idioma del texto, banda sonora, etc. | Español; Castellano |
| 105 ## - Campo de datos codificados: Material textual, monográfico | |
| Datos codificados de monografía | a 001zy |
| 200 ## - Título y mención de responsabilidad | |
| Título propio | Una mirada a la arquitectura mexicana del siglo XX |
| Designación general del material | texto impreso |
| Otra información del título | (diez ensayos) |
| Primer mención de responsabilidad | Enrique X. de Anda Alanís |
| 205 ## - Declaración de edición | |
| Declaración de edición | 1a ed |
| 210 ## - Publicación, distribución, etc. | |
| Lugar de publicación, distribución, etc. | México |
| Nombre del editor, distribuidor, etc. | Consejo Nacional para la Cultura y las Artes, Dirección General de Publicaciones |
| Fecha de publicación, distribución, etc. | 2005 |
| 215 ## - Descripción física | |
| Designación de material específico y extensión del ítem | 192 p |
| Otras características físicas | fot. |
| Dimensiones | 23 cm |
| 345 ## - Nota de información de adquisición | |
| Fuente de adquisición/dirección de la suscripción [OBSOLETO] | Donación |
| 410 ## - Series | |
| Título | Arte e Imagen |
| 606 ## - Término temático usado como materia | |
| Elemento de entrada | Arquitectura mexicana |
| Subdivisión temática | Historia |
| Subdivisión cronológica | Siglo XX |
| Número Koha | 12924 |
| 660 ## - Código de área geográfica | |
| Código | MX |
| 700 ## - Nombre personal - Responsabilidad primaria | |
| Elemento de entrada | Anda Alanís |
| Parte del nombre distinta del elemento de entrada | Enrique Xavier de |
| Fechas | 1950- |
| Número Koha | 6754 |
| 801 ## - Fuente de origen | |
| País | FR |
| Agencia | cm |
| Reglas de catalogación (convenciones descriptivas) | AFNOR |
| 942 ## - ELEMENTOS DE ENTRADA SECUNDARIOS (KOHA) | |
| Tipo de ítem Koha | Livre |
| Estatus retirado | Estado de daño | Estado de pérdida | Fuente de la clasificación o esquema de estantería | Fecha de adquisición | Biblioteca de origen | Biblioteca actual | Código de barras | Precio de reemplazo | Signatura topográfica completa | No para préstamo | Tipo de ítem Koha | Nota no pública |
|---|---|---|---|---|---|---|---|---|---|---|---|---|
| Clasificación Decimal Dewey | 05/02/2026 | Casa México Paris | Casa México Paris | 001257 | 05/02/2026 | 720.972 A543m | Livre | 751145101 |